Linear algebra : (Record no. 127546)

MARC details
000 -LEADER
fixed length control field 00621nam a22002177a 4500
005 - DATE AND TIME OF LATEST TRANSACTION
control field 20170124110027.0
010 ## - LIBRARY OF CONGRESS CONTROL NUMBER
LC control number A-408339
020 ## - INTERNATIONAL STANDARD BOOK NUMBER
Terms of availability 00.00
035 ## - SYSTEM CONTROL NUMBER
System control number A-408339
037 ## - SOURCE OF ACQUISITION
Source of stock number/acquisition Cen Lib/Ret
040 ## - CATALOGING SOURCE
Original cataloging agency DPL
Language of cataloging EN
082 ## - DEWEY DECIMAL CLASSIFICATION NUMBER
Classification number 510
Item number IKR
100 ## - MAIN ENTRY--PERSONAL NAME
Personal name Ikramov, H.D.
9 (RLIN) 20799
245 ## - TITLE STATEMENT
Title Linear algebra :
Statement of responsibility, etc by H.D.Ikramov;translated from the Russian by Oleg Efimov
Remainder of title problems book /
260 ## - PUBLICATION, DISTRIBUTION, ETC. (IMPRINT)
Name of publisher, distributor, etc Mir Publishers
Place of publication, distribution, etc Moscow
Date of publication, distribution, etc 1983
300 ## - PHYSICAL DESCRIPTION
Extent 327p.
Dimensions 20(Hb)
500 ## - GENERAL NOTE
General note Includes index
650 ## - SUBJECT ADDED ENTRY--TOPICAL TERM
Topical term or geographic name as entry element Algebra -- Linear.
9 (RLIN) 88951
700 ## - ADDED ENTRY--PERSONAL NAME
Personal name Efimov, Oleg
9 (RLIN) 20801
942 ## - ADDED ENTRY ELEMENTS (KOHA)
Source of classification or shelving scheme Dewey Decimal Classification
Koha item type English Books
Classification part 510
Call number suffix IKR
Holdings
Withdrawn status Lost status Damaged status Not for loan Home library Current library Date acquired Source of acquisition Cost, normal purchase price Total Checkouts Full call number Barcode Date last seen Copy number Cost, replacement price Price effective from Koha item type
        Central Library Central Library 29/06/2015 Cen Lib/Ret 0.00   510 IKR A-408339 29/06/2015 1 0.00 29/06/2015 English Books

© Delhi Public Library
Hit Counter
free hit counter